000 00698nam a2200241Ia 4500
003 OSt
005 20220930063618.0
006 a|||||r|||| 00| 0
007 ta
008 220926b |||||||| |||| 00| 0 eng d
024 _a3101
037 _cTheses
040 _aCRL
_cCRL
_beng
041 _2eng
_aeng
100 _aBharadvaja Kosalesa
_9523273
110 _aUniversity of Delhi. Faculty of Arts. Department of Sanskrit
245 0 _aPhilosophical study of the concept of Vishnu in the Puranas
260 _c1963
650 _aSANSKRIT
700 _aUniversity of Delhi. Faculty of Arts. Department of Sanskrit
942 _cDIS
_2CC
999 _c857105
_d857105